Jubilation Street = Kanko no machi /

La serie Eclipse es una división del prestigioso sello Criterion Collection, formada por paquetes –o cofres- de películas minusvaloradas, olvidadas e incluso perdidas en formato DVD. El criterio de selección ha sido, la mayor parte de las veces, una etapa, ciclo o vertiente de la filmografía de un d...

Fuld beskrivelse

Guardado en:
Bibliografiske detaljer
Hovedforfatter: Kinoshita, Keisuke (realización)
Andre forfattere: Koresky, Michael (texto) (texto)
Format: Slide
Sprog:japansk
Udgivet: Tokio, Japón : Shochiku, 1944, c1944
Serier:(Eclipse Series ; 41/3)
Fag:
Tags: Tilføj Tag
Ingen Tags, Vær først til at tagge denne postø!

MARC

LEADER 00000ngm^a2200000^a^4500
001 000392751
005 20250521000000.0
009 20260310121250.718
020 |a 978-1-60465-883-5 
020 |a 978-1-60465-880-4 
037 |a Acervo ITESO - Biblioteca 
041 |a JAP 
082 |a 808. 8  |b CRI ECL V. 41 T. 3 
100 |a Kinoshita, Keisuke  |e (realización) 
240 1 1 |a [Kinoshita and World War II] 
245 1 0 |a Jubilation Street =  |b Kanko no machi /  |c Realización de K. Kinoshita. 
246 2 |a Título en México: no conocido/no identificado 
246 2 |a Título alternativo en español: no conocido/no identificado 
264 4 |a Tokio, Japón :  |b Shochiku,  |c 1944, c1944 
264 2 |a Nueva York, EUA :  |b Criterion Collection [distribución],  |c 2014, c2014 
300 |a 1 DVD región 1  |c (73 min.) 
336 |a imagen móvil bidimensional  |b tdi  |2 rdacontenido 
337 |a video  |b v  |2 rdamedio 
338 |a videodisco  |b vd  |2 rdasoporte 
440 1 |a (Eclipse Series ;  |v 41/3) 
520 |a La serie Eclipse es una división del prestigioso sello Criterion Collection, formada por paquetes –o cofres- de películas minusvaloradas, olvidadas e incluso perdidas en formato DVD. El criterio de selección ha sido, la mayor parte de las veces, una etapa, ciclo o vertiente de la filmografía de un director, sea uno consolidado plenamente en el canon de autores o casos de revaloración de cineastas desestimados en su momento. La serie ha sido ampliada paulatinamente con paquetes que reúnen cintas de una misma compañía productora y género cinematográfico o identificadas con una corriente fílmica. Los cofres contienen de dos a siete películas, cada una de ellas incluida –por lo general- en un DVD individual. 
546 |a En japonés, con subtítulos opcionales: inglés 
649 |a XX 
650 |a Películas Bélicas 
650 |a Dramas Cinematográficos 
650 |a Cine en Blanco y Negro -  |z Japón 
650 |a Cine Japonés -  |y 1940-1949 
650 |a Cine Japonés -  |y Siglo XX 
740 0 |a Moving Out /  |c Texto de M. Koresky. 
700 |a Koresky, Michael  |e (texto) 
910 |a Fondo General 
920 |a Audiovisuales - DVDs 
940 |a Películas 
905 |a 308 
901 |a 0500287279  |b IT2  |c DVR  |i C152706  |u 20250521 
902 |a https://opac.biblio.iteso.mx/vufind/Record/000392751